Compendium of onion and garlic diseases

محفوظ في:
التفاصيل البيبلوغرافية
المؤلفون الرئيسيون: Schwartz, Howard F (مؤلف), Mohan, S. Krishna (مؤلف)
التنسيق: كتاب
اللغة:الإنجليزية
منشور في: Minneapolis APS 1995
سلاسل:The Disease Compendium Series
الموضوعات:
الوسوم: إضافة وسم
لا توجد وسوم, كن أول من يضع وسما على هذه التسجيلة!

MARC

LEADER 00000nam a2200000 a 4500
001 UCT1673
003 CL-VaPUC
008 961004e19950000US |||||||||||||||||eng|d
082 0 4 |a 635.25  |b SCH  |2 21 
100 0 |a Schwartz, Howard F  |e author  |9 370652 
700 0 |a Mohan, S. Krishna  |e author  |9 370653 
245 1 0 |a Compendium of onion and garlic diseases 
300 |a 54 p 
942 |c BK 
945 |d 19961004 00:00:00  |a nastorga 
260 |a Minneapolis  |b APS  |c 1995 
650 0 |a Cebolla (Allium cepa)  |9 264165 
650 0 |a Ajo (Allium sativum)   |9 264164 
650 0 |a Enfermedades  |9 263059 
650 0 |a Hongos  |9 261629 
650 0 |a Bacterias  |9 298237 
650 0 |a Virus  |9 316452 
650 0 |a Agricultura  |9 255598 
650 0 |a Horticultura  |9 259721 
650 0 |a Cebolla (Allium cepa)  |9 264165 
583 |a last modification  |c 20130429 10:28:41  |k Rodrigo Vera 
490 0 |a The Disease Compendium Series 
999 |c 252135  |d 252133 
952 |0 0  |1 0  |4 0  |6 635_250000000000000_SCH_1995  |7 0  |8 A  |9 271833  |a BIBAGR  |b BIBAGR  |d 2019-11-19  |i 3568202  |o 635.25 SCH 1995  |p 3568202  |r 2025-01-20  |w 2019-11-19  |y BK  |k AGR 
952 |0 0  |1 0  |4 0  |6 635_250000000000000_SCH_1995  |7 0  |8 A  |9 271834  |a BIBAGR  |b BIBAGR  |d 2019-11-19  |i 3568210  |o 635.25 SCH 1995  |p 3568210  |r 2025-01-20  |w 2019-11-19  |y BK  |k AGR